<?xml version="1.0" encoding="UTF-8"?><?xml-stylesheet type="text/xsl" href="static/style.xsl"?><OAI-PMH xmlns="http://www.openarchives.org/OAI/2.0/" xmlns:xsi="http://www.w3.org/2001/XMLSchema-instance" xsi:schemaLocation="http://www.openarchives.org/OAI/2.0/ http://www.openarchives.org/OAI/2.0/OAI-PMH.xsd"><responseDate>2026-04-17T20:42:29Z</responseDate><request verb="GetRecord" identifier="oai:www.recercat.cat:10459.1/465472" metadataPrefix="marc">https://recercat.cat/oai/request</request><GetRecord><record><header><identifier>oai:recercat.cat:10459.1/465472</identifier><datestamp>2025-09-15T18:05:32Z</datestamp><setSpec>com_2072_3622</setSpec><setSpec>col_2072_479130</setSpec></header><metadata><record xmlns="http://www.loc.gov/MARC21/slim" xmlns:dcterms="http://purl.org/dc/terms/" xmlns:xsi="http://www.w3.org/2001/XMLSchema-instance" xmlns:doc="http://www.lyncode.com/xoai" xsi:schemaLocation="http://www.loc.gov/MARC21/slim http://www.loc.gov/standards/marcxml/schema/MARC21slim.xsd">
   <leader>00925njm 22002777a 4500</leader>
   <datafield ind2=" " ind1=" " tag="042">
      <subfield code="a">dc</subfield>
   </datafield>
   <datafield ind2=" " ind1=" " tag="720">
      <subfield code="a">Cuadros Aguilera, Pol</subfield>
      <subfield code="e">author</subfield>
   </datafield>
   <datafield ind2=" " ind1=" " tag="260">
      <subfield code="c">2016</subfield>
   </datafield>
   <datafield ind2=" " ind1=" " tag="520">
      <subfield code="a">Este artículo trata sobre la labor llevada a cabo por el iusfilósofo Luis Recaséns Siches de renovación de la Filosofía del Derecho en España mediante la introducción de los postulados neokantianos y kelsenianos. Lo que se puede denominar el proyecto Recasens fue, sin embargo, abruptamente interrumpido por el estallido de la Guerra Civil. Las críticas al neokantismo que contiene fueron incorporadas en trabajos posteriores de Recasens, así como en la obra del profesor Legaz y Lacambra, conservando de este modo el proyecto algo de su impulso inicial.</subfield>
   </datafield>
   <datafield ind2=" " ind1=" " tag="520">
      <subfield code="a">This article addresses the renovation effort conducted by the Law philosopher Luis Recaséns Siches, who aimed to update Philosophy of Law in Spain through the introduction of neokantian and kelsenian postulates. What can be denominated as “the Recaséns’ project” was, however, harshly interrupted by the outbreak of the Spanish Civil War. The judgments targeting neokantism that can be found in such texts were included in Recaséns’ later publications, as well as in the work of the professor Legaz y Lacambra, hence yielding the project to maintain some of its original impulse.</subfield>
   </datafield>
   <datafield tag="653" ind2=" " ind1=" ">
      <subfield code="a">Recaséns Siches</subfield>
   </datafield>
   <datafield tag="653" ind2=" " ind1=" ">
      <subfield code="a">Neokantismo</subfield>
   </datafield>
   <datafield tag="653" ind2=" " ind1=" ">
      <subfield code="a">Kelsen</subfield>
   </datafield>
   <datafield tag="653" ind2=" " ind1=" ">
      <subfield code="a">Legaz</subfield>
   </datafield>
   <datafield tag="653" ind2=" " ind1=" ">
      <subfield code="a">Lacambra</subfield>
   </datafield>
   <datafield ind2="0" ind1="0" tag="245">
      <subfield code="a">El proyecto Recaséns y la renovación de la Filosofía del Derecho en España</subfield>
   </datafield>
   <datafield ind2="0" ind1="0" tag="245">
      <subfield code="a">The Recaséns’ Project and The Renovation of Philosophy of Law in Spain</subfield>
   </datafield>
</record></metadata></record></GetRecord></OAI-PMH>